Carregant...

Hand book of the birds of indian and pakistan /

Dades bibliogràfiques
Autor principal: Salim Ali
Format: Printed Book
Idioma:English
Publicat: Oxford c1968.
LEADER 00359nam a2200109Ia 4500
008 130611s9999 xx 000 0 eng d
100 |a Salim Ali 
245 |a Hand book of the birds of indian and pakistan / 
260 |b Oxford  |c c1968. 
942 |c BK 
999 |c 125311  |d 125311 
952 |0 0  |1 0  |4 0  |7 0  |9 138686  |a ZOO  |b ZOO  |c ST1  |d 2013-06-11  |h Vol.1  |l 0  |p ZOO2136  |r 2013-06-11  |w 2013-06-11  |y BK